000 00716nam a2200157 a 4500
008 120416s1983 ||||||||||||||||| || u
050 _aRC 481 Old
100 _aOldfield, Susan
245 1 4 _aThe counselling relationship
246 _aa study of the client's experience
260 _aLondon
_bRoutledge and Kegan Paul
_c1983
300 _axvi, 183p.
350 _a0.00
995 _aMAIN LIBRARY OPEN ACCESS
_D0.00
_e705861
_FCBU-MAIN LIBRARY (Kitwe)
_H2
_I7.95
_jRC 481 Old
_M2
_UAVAILABLE
_WApr 19, 2007
_y013157
_ZMain Library Open Access Collection
995 _aMAIN LIBRARY OPEN ACCESS
_D0.00
_e705862
_FCBU-MAIN LIBRARY (Kitwe)
_H1
_I7.95
_jRC 481 Old
_M1
_UAVAILABLE
_WApr 19, 2007
_y013156
_ZMain Library Open Access Collection
999 _c62584
_d62584